000 00712nam a2200277Ia 4500
003 OSt
005 20221006151418.0
006 a|||||r|||| 00| 0
007 ta
008 221006b |||||||| |||| 00| 0 eng d
020 _c
_12.50
024 _a21,995
037 _cTextual
040 _aEASL
_cEASL
_beng
041 _2eng
_aeng
082 _aP111:4k, 41L0
100 _aCHEN Janey
_9659109
245 0 _aPractical English-Chinese pronouncing dictionary
250 _aTokyo
260 _aTokyo
_bCharles E. Tuttle Japan
_c1970
300 _a601p.
_ccm.
490 _v RR
650 _aCL
_9642733
942 _hP111:4k, 41L0
_cTEXL
_2CC
999 _c1090081
_d1090081